Teoría de la predicción meteorológica / (Record no. 101517)

MARC details
000 -LEADER
campo de control de longitud fija 00641nam a2200193 i 4500
001 - NÚMERO DE CONTROL
campo de control 101517
003 - IDENTIFICADOR DE NÚMERO DE CONTROL
campo de control ES-MaACL
007 - CAMPO FIJO DE DESCRIPCIÓN FÍSICA--INFORMACIÓN GENERAL
campo de control de longitud fija t|
008 - DATOS DE LONGITUD FIJA--INFORMACIÓN GENERAL
campo de control de longitud fija 051019s1984 sp ||||1| spa d
100 1# - ENTRADA PRINCIPAL--NOMBRE DE PERSONA
Nombre de persona Medina, Mariano.
9 (RLIN) 79706
245 10 - MENCIÓN DEL TÍTULO
Título Teoría de la predicción meteorológica /
Mención de responsabilidad, etc. por Mariano Medina.
260 ## - PUBLICACIÓN, DISTRIBUCIÓN, ETC.
Lugar de publicación, distribución, etc. Madrid :
Nombre del editor, distribuidor, etc. Instituto Nacional de Meteorología,
Fecha de publicación, distribución, etc. 1984.
300 ## - DESCRIPCIÓN FÍSICA
Extensión 361 p. :
Otras características físicas il. ;
Dimensiones 30 cm.
490 1# - MENCIÓN DE SERIE
Mención de serie Publicación Serie B. Textos
710 2# - ENTRADA AGREGADA--NOMBRE DE ENTIDAD CORPORATIVA
Nombre de entidad corporativa o nombre de jurisdicción como elemento de entrada Instituto Nacional de Meteorología (España)
9 (RLIN) 5177
830 0# - PUNTO DE ACCESO ADICIONAL DE SERIE-TÍTULO UNIFORME
Título uniforme Publicación Serie B. Textos
9 (RLIN) 232482
852 ## - LOCALIZACIÓN
Ubicación ES-MaACL
Número de control de estantería L-7472
Sublocalización o colección R.108183
Holdings
Estatus retirado Estado de pérdida Estado de daño No para préstamo Biblioteca de origen Biblioteca actual Ubicación en estantería Fecha de adquisición Fuente de adquisición Total de préstamos Signatura topográfica completa Código de barras Visto por última vez Precio de reemplazo Tipo de ítem Koha
        Biblioteca del Ateneo de Madrid Biblioteca del Ateneo de Madrid Depósito 2 17/01/2008     L-7472 1105984 23/02/2023 23/02/2023 Libro impreso